000 00856nam#a22003015a#4500
001 1077
008 100331s1975####ag#a###f#f####001#0#spa#d
245 1 0 _aManual de enfermedades de las abejas /
_cJorge O. Montiel y Gustavo A. Piola.
250 _a1ª ed.
260 _aBuenos Aires :
_bMinisterio de Economía. Secretaría de Estado de Agricultura y Ganadería,
_c1975.
300 _a94 p. :
_bil. byn. ;
_c21 cm.
100 1 _aMontiel, Jorge O.
700 1 _aPiola, Gustavo A.
080 _a638.11
084 _aM77
653 _aApicultura
653 _aEnfermedades de las abejas
653 _aNosemosis
653 _aAcariosis
653 _aAmebiasis
653 _aDisentería
653 _aLoques europeas
653 _aLoques americanas
040 _aAR-ClEAG
_cAR-ClEAG
005 20241107184657.0
003 AR-ClEAG
942 _cBK
999 _c1077
_d1077
980 _62
_aEvangelina Gallicchio
_82
_gEvangelina Gallicchio